Statistiques concernant pokemon type feu 1 à 7 G

Cliquez ici pour prendre le quiz!

Statistiques générales

  • Ce quiz a été pris 41 fois
  • Le résultat moyen est 56 sur 63

Statistiques - réponses

HintRéponse% Correct
6feu/voldracaufeu
100%
126feumagmar
100%
5feureptincel
100%
4feusalameche
100%
59feuarcanin
97%
257feu/combatbrasegali
97%
58feucaninos
97%
229feu/ténèbredemolosse
97%
38feufeunard
97%
156feufeurisson
97%
256feu/combatgalifeu
97%
78feugalopa
97%
37feugoupix
97%
155feuhericendre
97%
218feulimagma
97%
228feu/ténèbremalosse
97%
390feuouisticram
97%
77feuponyta
97%
255feupoussifeu
97%
392feu/combatsimiabraz
97%
146feu/volsulfura
97%
157feutyphlosion
97%
219feu/rochevolcaropod
97%
391feu/combatchimpenfeu
94%
244feuentei
94%
513feuflamajou
94%
514feuflamoutan
94%
250feu/volhooh
94%
467feumaganon
94%
240feumagby
94%
637feu/insectepyrax
94%
136feupyroli
94%
323feu/solcamerupt
90%
322feu/solchamallot
90%
653feufeunnec
90%
607feu/spectrefunecire
90%
499feu/combatgrotichon
90%
485feu/acierheatran
90%
636feu/insectepyronille
90%
500feu/combatroitiflam
90%
498feugruikui
87%
608feu/spectremelancolux
87%
643feu/dragonreshiram
87%
609feu/spectrelugulabre
84%
494feu/psyvictini
84%
721feu/eauvolcanion
84%
324feuchartor
81%
663feu/volflambusard
81%
655feu/psygoupelin
81%
631feuaflamanoir
77%
667feu/normalhelionceau
77%
758feu/poisonmalamandre
77%
662feu/volbraisillon
74%
727feu/ténèbrefelinferno
74%
725feuflamiaou
74%
668feu/normalnemelios
74%
654feuroussil
74%
555feudarumacho
71%
554feudarumarond
71%
726feumatoufeu
71%
757feu/poisontritox
71%
776feu/dragonboumata
65%
806feu/spectrepierroteknik
45%

Distribution des résultats

Percentile par nombre de réponses

% des personnes avec chaque résultat

Votre développement - résultats

Vous n’avez pas pris ce quiz